| 000 | 01444cam a2200349 i 4500 | ||
|---|---|---|---|
| 001 | 5706384 | ||
| 003 | AUA.1 | ||
| 005 | 20250327123513.0 | ||
| 008 | 791031m19791983pau b 001 0 eng | ||
| 010 | _a75021540 //r843 | ||
| 020 | _a0800660080 (v. 1) | ||
| 020 | _a0800660102 (v. 2) | ||
| 040 |
_aDLC _cDLC _dm.c. _dEXN |
||
| 041 | 1 | _aengger | |
| 049 |
_aEXNe _c1 _v1 [376045], 2 [438309] |
||
| 050 |
_aBS1545.3 _b.H474 1983 |
||
| 082 | 0 |
_a224/.4077 _219 |
|
| 090 |
_aBS491.2 _b.H47 1979 |
||
| 100 | 1 |
_aZimmerli, Walther, _d1907-1983. _919114 |
|
| 245 | 1 | 0 |
_aEzekiel : _ba commentary on the Book of the Prophet Ezekiel / _cby Walther Zimmerli ; translated by Ronald E. Clements ; edited by Frank Moore Cross and Klaus Baltzer, with the assistance of Leonard Jay Greenspoon. |
| 260 |
_aPhiladelphia : _bFortress Press, _cc1979-c1983. |
||
| 300 |
_a2 v. ; _c25 cm. |
||
| 440 | 0 |
_aHermeneia--a critical and historical commentary on the Bible. _919115 |
|
| 500 | _aTranslation of Ezechiel. | ||
| 500 | _aVol. 2 translated by James D. Martin; edited by Paul D. Hanson with Leonard Jay Greenspoon. | ||
| 504 | _aIncludes bibliographies and indexes. | ||
| 630 | 0 | 0 |
_aBible. _pO.T. _pEzekiel _xCommentaries. _919116 |
| 700 | 1 | 0 |
_aCross, Frank Moore. _919117 |
| 700 | 1 | 0 |
_aBaltzer, Klaus, _d1928- _919118 |
| 730 | 0 | 1 |
_aBible. _pO.T. _pEzekiel. _lEnglish. _sClements-Martin. _f1979. _919119 |
| 942 |
_2lcc _cREF _hBS 1545.3 _i.H474 1983 |
||
| 999 |
_c5565 _d5565 |
||